BSOP header

Philosophy of man : (Record no. 49366)

MARC details
000 -LEADER
fixed length control field 00677cam a2200229Ma 4500
001 - CONTROL NUMBER
control field 14572818
005 - DATE AND TIME OF LATEST TRANSACTION
control field 20200221111147.0
008 - FIXED-LENGTH DATA ELEMENTS--GENERAL INFORMATION
fixed length control field 190920s2001 ph 000 0 eng d
020 ## - INTERNATIONAL STANDARD BOOK NUMBER
International Standard Book Number 9789715509053.
035 ## - SYSTEM CONTROL NUMBER
System control number (OCoLC)ocn989195214
035 ## - SYSTEM CONTROL NUMBER
System control number 14572818
040 ## - CATALOGING SOURCE
Original cataloging agency PHUST
Language of cataloging eng
Transcribing agency PHUST
Modifying agency OCLCQ
100 1# - MAIN ENTRY--PERSONAL NAME
Personal name Dy, Manuel B., Jr.
245 10 - TITLE STATEMENT
Title Philosophy of man :
Remainder of title selected readings /
Statement of responsibility, etc Manuel B. Dy, Jr.
260 ## - PUBLICATION, DISTRIBUTION, ETC. (IMPRINT)
Place of publication, distribution, etc Quezon City :
Name of publisher, distributor, etc BlueBooks,
Date of publication, distribution, etc ©2019
300 ## - PHYSICAL DESCRIPTION
Extent xiv, 301 pages ;
Dimensions 25 cm
336 ## - CONTENT TYPE
Content Type Term text
Content Type Code txt
Source rdacontent
337 ## - MEDIA TYPE
Media Type Term unmediated
Media Type Code n
Source rdamedia
338 ## - CARRIER TYPE
Carrier Type Term volume
Carrier Type Code nc
Source rdacarrier
650 #4 - SUBJECT ADDED ENTRY--TOPICAL TERM
Topical term or geographic name as entry element Philosophical anthropology.
942 ## - ADDED ENTRY ELEMENTS (KOHA)
Source of classification or shelving scheme Library of Congress Classification
Item type Books
Holdings
Withdrawn status Lost status Source of classification or shelving scheme Damaged status Not for loan Home library Current library Shelving location Date acquired Cost, normal purchase price Inventory number Total Checkouts Full call number Barcode Date last seen Price effective from Koha item type
    Library of Congress Classification     BSOP Library BSOP Library Filipiniana 02/21/2020 225.00 46026   BD111 D98 2019 00057626 02/21/2020 02/21/2020 Books
BSOP

Biblical Seminary of the Philippines
  All rights Reserved
  © 2024

CONTACT INFORMATION

Biblical Seminary of the Philippines,
  77-B Karuhatan Road, Valenzuela City,
  PHILIPPINES 1441
  Phone: +632 8292-6795 / 8292-6798
  Fax : +632 8292-6675
  Email: library@bsop.edu.ph